Statistiken für Grösste Schweizer Städte nach Buchstabe - Z

Klicken Sie hier um das Quiz zu spielen!

Allgemein

  • Dieses Quiz wurde 23 mal gespielt
  • Das Durchschnittsergebnis liegt bei 7 aus 12

Antwortstatistiken

KantonEinwohnerStadt% Korrekt
ZG31’469Zug
100%
ZH427’721Zürich
100%
AG12’453Zofingen
74%
VS5’746Zermatt
63%
BE11’140Zollikofen
63%
ZH13’472Zollikon
58%
AG7’911Zurzach
53%
SO9’331Zuchwil
47%
SG4’997Zuzwil
37%
AG4’713Zufikon
21%
ZH5’633Zumikon
21%
ZH6’491Zell
16%

Verteilung der Resultate

Perzentil nach korrekt beantworteten Fragen

Anzahl Personen mit jedem Resultat

Ihre Resultats-Entwicklung

Sie haben dieses Quiz noch nicht gespielt